| 000 | 00746cam a2200253 u 4500 | ||
|---|---|---|---|
| 003 | MX-MxUPN | ||
| 005 | 20240506134625.0 | ||
| 008 | 191104s2007 sp a ar 000 0 spa d | ||
| 020 | _a9788496646084 | ||
| 035 | _aUPN01000233840 | ||
| 040 |
_aMX-MxUPN _bspa |
||
| 041 | 1 |
_aspa _hfre |
|
| 050 | 4 |
_aPZ26.3 _bP566 2007 |
|
| 100 | 1 |
_aPin, Isabel, _935955 _d1975- |
|
| 245 | 1 | 0 | _aUn día de lluvia en el zoo |
| 260 |
_aEspaña : _bLóguez, _cc2007 |
||
| 300 |
_a[22] páginas : _bilustraciones a color |
||
| 490 | _aUn libro con ventanas | ||
| 650 | 4 |
_951850 _aAnimales de zoológico _vLiteratura infantil |
|
| 650 | 4 |
_aLibros tridimensionales _951814 |
|
| 902 | _bVíctorGodínez/020524 | ||
| 942 |
_2lcc _cLIBRO |
||
| 999 |
_c205935 _d205935 |
||